000 00572nam a2200229Ia 4500
003 OSt
005 20220923230718.0
006 a|||||r|||| 00| 0
007 ta
008 Pun
020 _c20
024 _a304,986
037 _cTextual
040 _aARTS
_cARTS
_bPun
041 _2Pun
_aPun
082 _aR6xM88, 153K3
100 _aਕ੍ਰਿFਣਨ, ਰਾਧਾ
_9169145
245 0 _aਪੂਰਬ ਅਤੇ ਪੱਛਮ
260 _c1963
942 _hR6xM88, 153K3
_cTEXL
_2CC
999 _c386790
_d386790